000 00376nam a22001097a 4500
082 _a370
100 _aGuider
_979384
245 _aजवाहर नवोदय विद्यालय प्रवेश परीक्षा गाइड-2020
260 _aनई दिल्‍ली
_bGuider Competitive Group
_c2020
650 _aशिक्षा
_979422
942 _cHIN
999 _c63023
_d63023